Nhập môn Tôpô đại số Đồng điều và đồng luân

Salvato in:
Dettagli Bibliografici
Autore principale: Nguyễn, Văn Đoành
Altri autori: Tạ, Mân
Natura: Libro
Lingua:Vietnamese
Pubblicazione: Hà Nội Đại học Sư phạm 2015
Edizione:In lần thứ 3
Soggetti:
Tags: Aggiungi Tag
Nessun Tag, puoi essere il primo ad aggiungerne! !
Thư viện lưu trữ: Trung tâm Học liệu Lê Vũ Hùng, Trường Đại học Đồng Tháp
LEADER 01095pam a22003378a 4500
001 00034357
005 20171026081025.0
008 160729s2015 ||||||viesd
020 # # |c 65000  |a 9786045407400 
041 0 # |a vie 
082 1 4 |a 514  |b NH123M 
100 1 # |a Nguyễn, Văn Đoành 
245 1 0 |a Nhập môn Tôpô đại số  |c Nguyễn Văn Đoành, Tạ Mân  |b Đồng điều và đồng luân 
250 # # |a In lần thứ 3 
260 # # |a Hà Nội  |b Đại học Sư phạm  |c 2015 
300 # # |a 391 tr.  |c 21 cm. 
653 # # |a Lý thuyết 
653 # # |a Đồng điều 
653 # # |a Đồng luân 
653 # # |a Tôpô đại số 
653 # # |a Nhập môn 
700 1 # |a Tạ, Mân 
852 # # |b Kho giáo trình  |j KGT.0050660, KGT.0050661 
852 # # |j KD.0017818  |j KGT.0050660  |j KGT.0050661 
852 # # |b Kho đọc  |j KD.0017818 
852 # # |b Kho mượn  |j KGT.0050660 
910 |d 29/07/2016 
980 # # |a Trung tâm Học liệu Lê Vũ Hùng, Trường Đại học Đồng Tháp